Kirche ohne Gottesdienst?: anfängliche Überlegungen zu Beginn der Coronavirus-Pandemie

Saved in:
Bibliographic Details
Main Author: Schwier, Helmut (Author)
Format: Chapter/Article
Language:German
Published: 2021
In: Volkskirche in postsäkularer Zeit
Year: 2021, Pages: 201-213
Online Access: Get full text
Author Notes:Helmut Schwier

MARC

LEADER 00000caa a2200000 c 4500
001 1753047412
003 DE-627
005 20250409100608.0
007 tu
008 210401s2021 xx ||||| 00| ||ger c
035 |a (DE-627)1753047412 
035 |a (DE-599)KXP1753047412 
035 |a (OCoLC)1341402651 
040 |a DE-627  |b ger  |c DE-627  |e rda 
041 |a ger 
084 |a 12  |2 sdnb 
084 |a 1  |2 ssgn 
100 1 |a Schwier, Helmut  |d 1959-  |e VerfasserIn  |0 (DE-588)111479614  |0 (DE-627)481320873  |0 (DE-576)289703735  |4 aut 
245 1 0 |a Kirche ohne Gottesdienst?  |b anfängliche Überlegungen zu Beginn der Coronavirus-Pandemie  |c Helmut Schwier 
264 1 |c 2021 
300 |a 13 
336 |a Text  |b txt  |2 rdacontent 
337 |a ohne Hilfsmittel zu benutzen  |b n  |2 rdamedia 
338 |a Band  |b nc  |2 rdacarrier 
773 0 8 |i Enthalten in  |t Volkskirche in postsäkularer Zeit  |b 1. Auflage  |d Stuttgart : Verlag W. Kohlhammer, 2021  |g (2001), Seite [201]-213  |h 505 Seiten  |w (DE-627)1748265377  |z 9783170389205  |z 3170389203  |7 nnam  |a Kirche ohne Gottesdienst? anfängliche Überlegungen zu Beginn der Coronavirus-Pandemie 
773 1 8 |g year:2021  |g pages:201-213  |g extent:13  |a Kirche ohne Gottesdienst? anfängliche Überlegungen zu Beginn der Coronavirus-Pandemie 
951 |a AR 
992 |a 20210401 
993 |a BookComponentPart 
994 |a 2021 
998 |g 111479614  |a Schwier, Helmut  |m 111479614:Schwier, Helmut  |d 10000  |d 10200  |e 10000PS111479614  |e 10200PS111479614  |k 0/10000/  |k 1/10000/10200/  |p 1  |x j  |y j 
999 |a KXP-PPN1753047412  |e 3901205152 
BIB |a Y 
JSO |a {"id":{"eki":["1753047412"]},"recId":"1753047412","origin":[{"dateIssuedDisp":"2021","dateIssuedKey":"2021"}],"title":[{"subtitle":"anfängliche Überlegungen zu Beginn der Coronavirus-Pandemie","title":"Kirche ohne Gottesdienst?","title_sort":"Kirche ohne Gottesdienst?"}],"relHost":[{"origin":[{"dateIssuedKey":"2021","edition":"1. Auflage","publisher":"Verlag W. Kohlhammer","publisherPlace":"Stuttgart","dateIssuedDisp":"2021","editionNo":"1"}],"note":["Literaturangaben"],"corporate":[{"display":"W. Kohlhammer GmbH","role":"pbl"}],"id":{"isbn":["9783170389205","3170389203"],"eki":["1748265377"]},"titleAlt":[{"title":"Kristian Fechtner zum 60. Geburtstag"}],"physDesc":[{"extent":"505 Seiten","noteFormat":"24 x 16 cm, 753 g","noteIll":"Illustrationen"}],"name":{"displayForm":["Sonja Beckmayer, Christian Mulia (Hrsg.)"]},"type":{"bibl":"edited-book"},"person":[{"family":"Beckmayer","role":"edt","display":"Beckmayer, Sonja","given":"Sonja"},{"display":"Mulia, Christian","role":"edt","given":"Christian","family":"Mulia"},{"given":"Kristian","role":"hnr","display":"Fechtner, Kristian","family":"Fechtner"}],"recId":"1748265377","part":{"text":"(2001), Seite [201]-213","pages":"201-213","year":"2021","extent":"13"},"title":[{"subtitle":"Erkundungsgänge und theologische Perspektiven","title":"Volkskirche in postsäkularer Zeit","title_sort":"Volkskirche in postsäkularer Zeit"}],"disp":"Kirche ohne Gottesdienst? anfängliche Überlegungen zu Beginn der Coronavirus-PandemieVolkskirche in postsäkularer Zeit","relMultPart":[{"language":["ger"],"type":{"bibl":"serial"},"physDesc":[{"noteFormat":"24 cm"}],"dispAlt":"Praktische Theologie heute","title":[{"title_sort":"Praktische Theologie heute","title":"Praktische Theologie heute"}],"disp":"Praktische Theologie heute","origin":[{"publisher":"Kohlhammer ; Kohlhammer","dateIssuedKey":"1991","dateIssuedDisp":"1991-","publisherPlace":"Stuttgart ; Stuttgart ; Berlin"}],"recId":"301910731","pubHistory":["1.1991 -"],"part":{"number_sort":["180"],"number":["Band 180"]},"id":{"zdb":["1490412-3"],"eki":["301910731"]}}],"language":["ger"]}],"physDesc":[{"extent":"13 S."}],"name":{"displayForm":["Helmut Schwier"]},"type":{"bibl":"chapter"},"person":[{"given":"Helmut","role":"aut","display":"Schwier, Helmut","family":"Schwier"}],"language":["ger"]} 
SRT |a SCHWIERHELKIRCHEOHNE2021